BIM handbook (Record no. 112839)

MARC details
000 -LEADER
fixed length control field 01412cam a22002535a 4500
001 - CONTROL NUMBER
control field L154101
008 - FIXED-LENGTH DATA ELEMENTS--GENERAL INFORMATION
fixed length control field 111013s2011 xxk f 000 0 eng d
020 ## - INTERNATIONAL STANDARD BOOK NUMBER
International Standard Book Number 9781118021675
035 ## - SYSTEM CONTROL NUMBER
System control number (Sirsi) u154101
041 0# - LANGUAGE CODE
Language code of text/sound track or separate title eng
100 1# - MAIN ENTRY--PERSONAL NAME
Personal name Eastman, C.
245 00 - TITLE STATEMENT
Title BIM handbook
Remainder of title a guide to building information modeling for owners, managers designers, engineers, and contractors
Medium [electronic resource]
250 ## - EDITION STATEMENT
Edition statement 2nd ed.
260 ## - PUBLICATION, DISTRIBUTION, ETC.
Name of publisher, distributor, etc. John Wiley
Date of publication, distribution, etc. 2011
300 ## - PHYSICAL DESCRIPTION
Extent eBook
520 ## - SUMMARY, ETC.
Summary, etc. The Building Information Modelling (BIM) Handbook presents the technology and processes behind BIM to aid architects, engineers, contractors and sub-contractors, construction and facility owners (AECO). The BIM Handbook combines in-depth technical background, business process discussion of each of the major professional groups in AECO, and offers guidelines for assessment, adoption and use. It includes real world case studies identifying both the benefits and successes of BIM, and study questions for professionals, educators and students to engage in discussions about the many issues with respect to implementing and transitioning to BIM.
650 24 - SUBJECT ADDED ENTRY--TOPICAL TERM
Topical term or geographic name entry element BIM
9 (RLIN) 6219
650 24 - SUBJECT ADDED ENTRY--TOPICAL TERM
Topical term or geographic name entry element BUILDING INFORMATION MODELLING
650 24 - SUBJECT ADDED ENTRY--TOPICAL TERM
Topical term or geographic name entry element EBOOK
651 #4 - SUBJECT ADDED ENTRY--GEOGRAPHIC NAME
Geographic name INTERNATIONAL
690 ## - LOCAL SUBJECT ADDED ENTRY--TOPICAL TERM (OCLC, RLIN)
Topical term or geographic name as entry element BIM
9 (RLIN) 6219
856 40 - ELECTRONIC LOCATION AND ACCESS
Uniform Resource Identifier <a href="https://www.vlebooks.com/">https://www.vlebooks.com/</a>
Public note View on VLEbooks. Logins for members only from [email protected]
942 ## - ADDED ENTRY ELEMENTS (KOHA)
Suppress in OPAC 0
Holdings
Withdrawn status Lost status Source of classification or shelving scheme Damaged status Not for loan Home library Current library Shelving location Date acquired Cost, normal purchase price Total Checkouts Full call number Barcode Date last seen Copy number Cost, replacement price Price effective from Koha item type
    Dewey Decimal Classification     Virtual Virtual Online 14/10/2011 53.98   EBOOK 154101-3001 06/08/2019 1 53.98 06/08/2019 Book